000
00188nam a2200085Ia 4500
008
250129s9999 xx 000 0 und d
041
_a
eng
245
_a
Current Labour Reports
260
_c
2023
999
_c
43273
_d
43273